|
|
|
|
| LEADER |
00000nab a2200000 a 4500 |
| 001 |
vtls001563637 |
| 003 |
SK-MaSNL |
| 005 |
20260304182258.0 |
| 008 |
050504c2004 xo 0 slo |
| 015 |
|
|
|a SNBCL2005/2
|
| 035 |
|
|
|a SLK030830
|
| 040 |
|
|
|a SLKCL
|b slo
|c SNKBUCL
|e AACR2
|
| 041 |
1 |
|
|a slo
|
| 044 |
|
|
|a xo
|c SK
|
| 080 |
|
|
|a 616.28-008.1
|2 1981
|
| 100 |
1 |
|
|a Kulman, Pavel
|4 aut
|9 1513208
|
| 245 |
1 |
0 |
|a Noví výrobcovia konkurujú kvalitou a najmä cenou
|c Pavel Kulman
|
| 650 |
0 |
7 |
|a pomôcky sluchové
|x trendy
|2 MESH
|9 1513204
|
| 650 |
0 |
7 |
|a medzinárodná spolupráca
|2 MESH
|9 4911
|
| 650 |
0 |
7 |
|a sluchovo postihnutí
|2 SNKPH
|9 29680
|
| 650 |
0 |
7 |
|a zákonodarstvo a právna veda
|2 SNKPH
|9 1074858
|
| 773 |
0 |
|
|w SERIAL_GENERAL*000166*2004*004*013
|x 1335-6542
|t Slovenský gong
|g Špeciál (2004), s. 13
|
| 850 |
|
|
|a Slovenská lekárska knižnica v Bratislave
|a BA006
|
| 852 |
|
|
|a BA006
|b KIS3GCP
|b 000500000
|
| 999 |
|
|
|c 3028443
|d 3030373
|